000 00635nam a2200205Ia 4500
005 20260601193255.0
008 260601s9999||||xx |||||||||||||| ||und||
020 _a978-3-031-70418-5
_qebk
100 _aAndrea Marrella
245 0 _aBusiness Process Management Forum
250 _a2024
260 _aHeidelberg, Germany
_bSpringer Nature
_c2024
440 _aLecture Notes in Business Information Processing
650 _aComputer Science
700 _aManuel Resinas
700 _aMichael Rosemann
700 _aMieke Jans
856 _uhttps://link.springer.com/openurl?genre=book&isbn=978-3-031-70418-5
942 _cEB
_2ddc
999 _c56852
_d56852